Score 0/15 Timer 06:00
3 Plays Today
% Correct
there was a golden age of powerful gods and extraordinary heroes.
91.3%
a young prince lived in a shining castle.
89.9%
Ahh... but I haven't given you your present yet.
88.7%
Doctor Jumba Jookiba, you stand before this council accused of illegal genetic experimentation!
86.8%
Don't worry, this is actually a very fun story and the truth is, it isn't even mine.
86.6%
Speak! Let me see thy face.
83.9%
the city awakes to the bells of Notre Dame.
81.7%
Merry Christmas.
81.6%
% Correct
Please, please come closer.
81.6%
Well, we folks of the animal kingdom have our own version.
81.3%
You see, I... well, I shall never be king. And you... shall never see the light of another day.
80.8%
and knights were brave and bold.
79.3%
And yet so much has happened since then, that it seems more like an eternity.
78.4%
peaceful, prosperous, and rich in romance and tradition.
76.3%
But this time it happened in London.
70%
Remove Ads.
Support Sporcle.
Get the best of Sporcle when you Go Orange. This ad-free experience offers more features, more stats, and more fun while also helping to support Sporcle. Thank you for becoming a member.

You're not logged in!

Compare scores with friends on all Sporcle quizzes.
OR
Log In

Show Comments

Extras

Top Quizzes Today


Score Distribution

Your Account Isn't Verified!

In order to create a playlist on Sporcle, you need to verify the email address you used during registration. Go to your Sporcle Settings to finish the process.

Report this User

Report this user for behavior that violates our Community Guidelines.

Details: